| 000 | 00564nam a2200181 a 4500 | ||
|---|---|---|---|
| 001 | 15347 | ||
| 003 | CO-ViMGA | ||
| 008 | 141112s2004 ck r 000 u spa d | ||
| 040 |
_aCO-ViMGA _bspa _cCO-ViMGA |
||
| 082 | 0 | 4 | _a342.861 S354 |
| 100 | 1 |
_aSanin Greiffenstein, Jaime; Melo, Jorge Orlando; Vidal Perdomo, Jaime _922302 |
|
| 245 | 1 | 0 | _aSeminario la nueva constitución |
| 260 |
_aBogotá, _cProcuraduria general de la nación 1992 |
||
| 300 | _a135.p. | ||
| 650 | 1 | 4 |
_aCONSTITUCION - 1991 _922303 |
| 650 | 1 | 4 |
_aREFORMAS CONSTITUCIONALES _911859 |
| 942 |
_2ddc _cBK |
||
| 999 |
_c25691 _d25691 |
||